000 00715nam a22001457a 4500
020 _a0-5901-47050-7
082 _a823
_bMAR/M
100 _aANN M MARTIN
245 _aTHE BABYSITTERS CLUB
_bMYSTERY # 12
260 _aNEW YORK
_bSCHOLASTIC INC
_c1993
300 _a151
520 _aSURD'S UP! DAWN IS BACK ON THE COAST JUST IN TIME FOR THE BIG SURFING COMPETITION. SHE LOVES CATCHING THOSE WAVES AND SOAKING UP SUN. BUT SOON DAWN HAS A MYSTERY ON HER HANDS. THRASH, THE MOST RADICAL SURFER AROUND, HAS MYSTRIOUSLY DISAPPEARED. ONLY HIS BASHED-UP SURFBOARD- AND HIS GHOST - REMAIN. CAN DAWN SOLVE HER CALIFORNIA MYSTERY WITHOUT THE HELP OF THE BSC?
650 _aDAWN AND THE SURFER GHOST
_zUNITED KINGDOM
942 _cBK
999 _c473
_d473